| 000 | 01097nas a2200373 4500 | ||
|---|---|---|---|
| 001 | BR0800393 | ||
| 003 | BR-BrBNA | ||
| 005 | 20231205111508.0 | ||
| 007 | ta | ||
| 008 | 230509b bl.|||p| |||| 00| 00por d | ||
| 040 |
_aBR-BrBNA _bpor _cBiblioteca Nacional de Agricultura |
||
| 041 | _a(Pt) | ||
| 072 | _aH01; F01; H10 | ||
| 100 | 1 | _aAndaló, V. | |
| 100 | 1 | _aMoino Junior, A. | |
| 100 | 1 | _aSanta-Cecília, L.V.C. | |
| 245 | 1 | _aCompatibilidade de nematóides entomopatogênicos com produtos fitossanitários utilizados na cultura do caffeiro | |
| 650 | _aPRODUÇÃO VEGETAL | ||
| 650 | _aCAFÉ | ||
| 650 | _aDEFESA VEGETAL | ||
| 650 | _aPRAGA DE PLANTA | ||
| 650 | _aCONTROLE BIOLÓGICO | ||
| 650 | _aPRODUTO QUÍMICO | ||
| 650 | _aNEMATÓIDE | ||
| 650 | _aPATOGENICIDADE | ||
| 650 | _aPARASITO | ||
| 650 | _aPREDADOR | ||
| 650 | _aINSETO | ||
| 650 | _aCOCHONILHA | ||
| 650 | _aLAGARTA | ||
| 773 | 0 |
_tNematologia Brasileira (Brazil) _xISSN 0102-2997 _g(Dec 2004), v. 28(2) p. 149-158 _wBR0800393 |
|
| 909 |
_a202311 _bLúcia _c55 _dLúcia Elande |
||
| 942 |
_2AGRIS _n0 _cANA |
||
| 999 |
_c193048 _d193048 |
||